Sectarianism in Iraq : (Record no. 14337)

000 -LEADER
fixed length control field 01021cam a2200325Ia 4500
001 - CONTROL NUMBER
control field 8755837
005 - DATE AND TIME OF LATEST TRANSACTION
control field 20170105102852.0
008 - FIXED-LENGTH DATA ELEMENTS--GENERAL INFORMATION
fixed length control field 101214s2011 enka b 001 0 eng d
020 ## - INTERNATIONAL STANDARD BOOK NUMBER
International Standard Book Number 1849041288 (pbk.)
020 ## - INTERNATIONAL STANDARD BOOK NUMBER
International Standard Book Number 9781849041287 (pbk.)
024 ## - OTHER STANDARD IDENTIFIER
Standard number or code 60001355717
035 ## - SYSTEM CONTROL NUMBER
System control number (OCoLC)ocn723062498
035 ## - SYSTEM CONTROL NUMBER
System control number (OCoLC)723062498
035 ## - SYSTEM CONTROL NUMBER
System control number (NNC)8755837
040 ## - CATALOGING SOURCE
Original cataloging agency NLE
Transcribing agency NLE
Modifying agency CDX
-- UAT
-- NhCcYBP
050 #4 - LIBRARY OF CONGRESS CALL NUMBER
Classification number DS70.8.A1
Item number H325 2011
082 04 - DEWEY DECIMAL CLASSIFICATION NUMBER
Classification number 956.70443
Edition number 22
100 1# - MAIN ENTRY--PERSONAL NAME
Personal name Haddad, Fanar.
245 10 - TITLE STATEMENT
Title Sectarianism in Iraq :
Remainder of title antagonistic visions of unity /
Statement of responsibility, etc. Fanar Haddad.
260 ## - PUBLICATION, DISTRIBUTION, ETC.
Place of publication, distribution, etc. London :
Name of publisher, distributor, etc. Hurst & Company,
Date of publication, distribution, etc. 2011.
300 ## - PHYSICAL DESCRIPTION
Extent ix, 296 p. :
Other physical details ill. ;
Dimensions 22 cm.
504 ## - BIBLIOGRAPHY, ETC. NOTE
Bibliography, etc. note Includes bibliographical references (p. 273-285) and index.
650 #0 - SUBJECT ADDED ENTRY--TOPICAL TERM
Topical term or geographic name entry element Ethnicity
Geographic subdivision Iraq.
651 #0 - SUBJECT ADDED ENTRY--GEOGRAPHIC NAME
Geographic name Iraq
General subdivision Ethnic relations.
651 #0 - SUBJECT ADDED ENTRY--GEOGRAPHIC NAME
Geographic name Iraq
General subdivision Politics and government
Chronological subdivision 20th century.
651 #0 - SUBJECT ADDED ENTRY--GEOGRAPHIC NAME
Geographic name Iraq
General subdivision Politics and government
Chronological subdivision 2003-
942 ## - ADDED ENTRY ELEMENTS (KOHA)
Source of classification or shelving scheme
Koha item type Book
948 1# - LOCAL PROCESSING INFORMATION (OCLC); SERIES PART DESIGNATOR (RLIN)
Series part designator, SPT (RLIN) 20110713
b (OCLC) c
c (OCLC) dc21
d (OCLC) MPS
Holdings
Withdrawn status Lost status Damaged status Not for loan Collection code Permanent Location Current Location Shelving location Date acquired Total Checkouts Full call number Barcode Date last seen Price effective from Koha item type
          Centre for International Peace & Stability (CIPS) Centre for International Peace & Stability (CIPS) General Stacks 08/06/2013   956.70443 HAD 2011 CIPS0000603 08/21/2013 08/21/2013 Book
© 2023 Central Library, National University of Sciences and Technology. All Rights Reserved.